Southville International School and Colleges
Your cart is empty.
  • Cart
  • Lists
    Public lists Eva Luna New books Lux_list list_1
    Your lists Log in to create your own lists
  • Log in to your account
  • Your cookies
  • Search history
Southville International School and Colleges
  • Advanced search
  • Recent comments
  • Most popular
  • Libraries

Log in to your account

Log in with GOOGLE


If you do not have an external account, but do have a local account, you can still log in:

  1. Home
  2. MARC view: Financial and managerial accounting :
Normal view MARC view ISBD view

Financial and managerial accounting : (Record no. 25469)

[ view plain ]
MARC details
000 -LEADER
fixed length control field 01117nam a2200325 a 4500
005 - DATE AND TIME OF LATEST TRANSACTION
control field 20140310183624.0
008 - FIXED-LENGTH DATA ELEMENTS--GENERAL INFORMATION
fixed length control field 121023s19uu xx 00 eng d
020 ## - INTERNATIONAL STANDARD BOOK NUMBER
International Standard Book Number 9780538473200
020 ## - INTERNATIONAL STANDARD BOOK NUMBER
International Standard Book Number 9781111221843
020 ## - INTERNATIONAL STANDARD BOOK NUMBER
International Standard Book Number 1111221847
050 ## - LIBRARY OF CONGRESS CALL NUMBER
Classification number HF 5635
Item number .J76 2012
100 ## - MAIN ENTRY--PERSONAL NAME
Personal name Jones, Jefferson P.
245 ## - TITLE STATEMENT
Title Financial and managerial accounting :
Remainder of title the cornerstones of business decisions /
Statement of responsibility, etc Jefferson P. Jones ... [et al].
250 ## - EDITION STATEMENT
Edition statement 2nd ed.International ed.
260 ## - PUBLICATION, DISTRIBUTION, ETC. (IMPRINT)
Place of publication, distribution, etc [Mason, Ohio] :
Name of publisher, distributor, etc South-Western/Cengage Learning,
Date of publication, distribution, etc 2012.
300 ## - PHYSICAL DESCRIPTION
Extent 800 p. :
Other physical details col. ill. ;
Dimensions 31 cm.
500 ## - GENERAL NOTE
General note Rev. ed. of: Cornerstones of financial & managerial accounting / Jay S. Rich ... [et al.], 2010. Includes index.
521 ## - TARGET AUDIENCE NOTE
Target audience note
650 ## - SUBJECT ADDED ENTRY--TOPICAL TERM
Topical term or geographic name as entry element Accounting
650 ## - SUBJECT ADDED ENTRY--TOPICAL TERM
Topical term or geographic name as entry element Accounting
General subdivision Problems, exercises, etc
650 ## - SUBJECT ADDED ENTRY--TOPICAL TERM
Topical term or geographic name as entry element Managerial accounting
650 ## - SUBJECT ADDED ENTRY--TOPICAL TERM
Topical term or geographic name as entry element Managerial accounting
General subdivision Problems, exercises, etc
700 ## - ADDED ENTRY--PERSONAL NAME
Personal name Mowen, Maryanne M.
700 ## - ADDED ENTRY--PERSONAL NAME
Personal name Hansen, Don R.
700 ## - ADDED ENTRY--PERSONAL NAME
Personal name Heitger, Dan L.
700 ## - ADDED ENTRY--PERSONAL NAME
Personal name Rich, Jay S.
942 ## - ADDED ENTRY ELEMENTS (KOHA)
Koha item type Books
Source of classification or shelving scheme Library of Congress Classification
Call number prefix Foreign
Holdings
Withdrawn status Lost status Source of classification or shelving scheme Damaged status Home library Current library Shelving location Date acquired Cost, normal purchase price Total Checkouts Total Renewals Full call number Barcode Date last seen Date checked out Copy number Price effective from Koha item type
    Library of Congress Classification   College Library College Library Reserve Section 12/06/2012 10200.00 1 12 HF 5635 .J76 2012 C15541 05/15/2018 08/30/2016 1 10/18/2013 Books
    Library of Congress Classification   College Library College Library General Circulation Section 12/10/2013   1 34 HF 5635 .J76 2012 C15543 05/15/2018 03/15/2017 1 12/10/2013 Books

Financial and managerial accounting :

APA

Jones J. P., Mowen M. M., Hansen D. R., Heitger D. L. & Rich J. S. (2012). Financial and managerial accounting. [Mason, Ohio]: South-Western/Cengage Learning.

Chicago

Jones Jefferson P, Mowen Maryanne M, Hansen Don R, Heitger Dan L and Rich Jay S. 2012. Financial and managerial accounting. [Mason, Ohio]: South-Western/Cengage Learning.

Harvard

Jones J. P., Mowen M. M., Hansen D. R., Heitger D. L. and Rich J. S. (2012). Financial and managerial accounting. [Mason, Ohio]: South-Western/Cengage Learning.

MLA

Jones Jefferson P, Mowen Maryanne M, Hansen Don R, Heitger Dan L and Rich Jay S. Financial and managerial accounting. [Mason, Ohio]: South-Western/Cengage Learning. 2012.

  • Place hold
  • Print
  • Cite
  • Add to your cart (remove)
  • Save record
    BIBTEX Dublin Core MARCXML MARC (non-Unicode/MARC-8) MARC (Unicode/UTF-8) MARC (Unicode/UTF-8, Standard) MODS (XML) RIS
  • More searches
    Search for this title in:
    Other Libraries (WorldCat) Other Databases (Google Scholar) Online Stores (Bookfinder.com) Open Library (openlibrary.org)

Exporting to Dublin Core...

SOUTHVILLE LIBRARY

Southville International School and Colleges Library

1281 Tropical Ave. Cor. Luxembourg St., BF Homes International, Las Pinas City

Tel. No. 8256374 / 252358 Loc. 117/146

Powered by Koha